Statistics for How well do you know Morocco?

Click here to take the quiz!

General Stats

  • This quiz has been taken 96 times
  • The average score is 5 of 6

Answer Stats

QuestionAnswer% Correct
What continent is Morocco in?Africa
100%
Traditional DishCouscous
97%
Famous KickboxerBadr Hari
96%
How did Morocco make history in the World Cup?First African country to make it to the semi final
96%
What is the name of the blue city of Morocco?Chefchaouen
85%
What languages does Morocco speak?Darija and Berber
71%

Score Distribution

Percentile by Number Answered

Percent of People with Each Score

Your Score History

You have not taken this quiz